| 000 | 00361nam a2200133Ia 4500 | ||
|---|---|---|---|
| 005 | 20251222143305.0 | ||
| 008 | 251222s9999||||xx |||||||||||||| ||spa|| | ||
| 020 | _a84-8439-210-4 | ||
| 082 | _a378.124/M81 | ||
| 100 | _aMolero López-Barajas, David | ||
| 245 | 0 | _aLa Evaluación de la Docencia en la Universidad | |
| 264 | _bUniversidad de Jaén | ||
| 942 | _cLIB | ||
| 999 |
_c15472 _d15472 |
||